Central Library and Information Centre
Sibsagar Girls' College, Sivasagar : Assam

BED TIME STORIES ( 30 IN SERIES) (Record no. 401)

MARC details
000 -LEADER
fixed length control field 00346cam a2200157ua 4500
008 - FIXED-LENGTH DATA ELEMENTS--GENERAL INFORMATION
fixed length control field 131227n II |||gr||||Z||||||eng
040 ## - CATALOGING SOURCE
Original cataloging agency MAIN
041 ## - LANGUAGE CODE
-- English
082 ## - DEWEY DECIMAL CLASSIFICATION NUMBER
Classification number 823 WEL
100 ## - MAIN ENTRY--PERSONAL NAME
Personal name WELL , ARTHUR S MAX.
245 ## - TITLE STATEMENT
Title BED TIME STORIES ( 30 IN SERIES)
300 ## - PHYSICAL DESCRIPTION
Dimensions 18CM.
942 ## - ADDED ENTRY ELEMENTS (KOHA)
Koha item type Books
653 ## - INDEX TERM--UNCONTROLLED
Uncontrolled term English fiction
Holdings
Withdrawn status Lost status Damaged status Not for loan Collection code Home library Current library Shelving location Date acquired Full call number Barcode Date last seen Copy number Price effective from Koha item type Public note
        TBENG Central Library and Information Centre Sibsagar Girls College Central Library and Information Centre Sibsagar Girls College ENGLISH BOOK RACK 19.04.1967 823 WEL 00465 27.02.2020 1 27.02.2020 Books V


Sibsagar Girl's College © 2020. All rights reserved.
Powered by Koha.
Maintained by Abhijit Borpuzari.